Statistics for UK, the EU and Brexit Quiz

Click here to take the quiz!

General Stats

  • This quiz has been taken 300 times
  • The average score is 5 of 10

Answer Stats

HintAnswer% Correct
What Prime Minister called that referendum?David Cameron
95%
What year was the most recent referendum on membership held?2016
86%
What year did they join?1973
82%
What Prime Minister spoke of anti-European "bastards" in his Government?John Major
49%
Who was the Prime Minister then?Edward Heath
46%
What percentage of the OVERALL ELIGIBLE population of voters voted to leave?37%
36%
Who said the British people have had enough of experts during the referendum campaign?Michael Gove
35%
What is the name of the main campaign arguing for another referendum on the terms of the leave deal negotiated between the UK and the EU?People's Vote
32%
On the day after the referendum, what front line politician stunned many by saying Article 50 (mechanism to start the leave process) should be invoked now?Jeremy Corbyn
24%
What part of the EU did Thatcher join in 1990?Exchange Rate Mechanism
7%

Score Distribution

Percentile by Number Answered

Percent of People with Each Score

Your Score History

You have not taken this quiz